| 000 | 00842nam a2200277Ia 4500 | ||
|---|---|---|---|
| 008 | 180523s9999 xx 000 0 und d | ||
| 020 | _a978-621415-055-7 | ||
| 050 | _aFIL HM 623 | ||
| 050 | _b.B47 2016 | ||
| 100 | _aBernardo, Juanito Philip V., Jr. | ||
| 245 | 0 | _aUnderstanding culture, society and politics / | |
| 245 | 0 | _cJuanito Philip V. Bernardo, Jr. | |
| 260 | _aPhilippines : | ||
| 260 | _bJFS Publishing, | ||
| 260 | _c2016 | ||
| 300 | _a135 pages : | ||
| 300 | _billustrations ; | ||
| 300 | _c26 cm. | ||
| 500 | _aIncludes bibliographical references. | ||
| 650 | _aCulture -- Philippines -- Social aspects. | ||
| 650 | _aPhilippines -- social life and customs. | ||
| 650 | _aSociology. | ||
| 650 | _xPhilippines -- Politics and government. | ||
| 650 | _xSocial sciences. | ||
| 650 | _xSociety and culture. | ||
| 999 |
_c357859 _d357859 |
||